书目信息 |
| 题名: |
2010年版《中国药典》中药标准物质分析图谱
|
|
| 作者: | 钱勇 , 安蓉 , 马双成 主编 | |
| 分册: | 上卷 | |
| 出版信息: | 北京 人民卫生出版社 2012 |
|
| 页数: | 530页 | |
| 开本: | 26cm | |
| 丛书名: | ||
| 单 册: | ||
| 中图分类: | R284.1-64 | |
| 科图分类: | ||
| 主题词: | 中药化学成分 , 药物分析 , 中药化学成分--药物分析--图谱 | |
| 电子资源: | ||
| ISBN: | 978-7-117-15751-3 | |
| 000 | 01094nam0 2200277 45 | |
| 001 | 1355428499 | |
| 005 | 20130513145359.12 | |
| 010 | @a978-7-117-15751-3@b精装@dCNY89.00 | |
| 100 | @a20130108d2012 em y0chiy50 ea | |
| 101 | 0 | @achi |
| 102 | @aCN@b110000 | |
| 105 | @ay z 001yy | |
| 106 | @ar | |
| 200 | 1 | @a2010年版《中国药典》中药标准物质分析图谱@A2010 Nian Ban《 Zhong Guo Yao Dian》 Zhong Yao Biao Zhun Wu Zhi Fen Xi Tu Pu@h上卷@HShang Juan@f马双成,钱勇,安蓉主编@FMa Shuang Cheng, Qian Yong, An Rong Zhu Bian |
| 210 | @a北京@c人民卫生出版社@d2012 | |
| 215 | @a530页@d26cm | |
| 330 | @a本图谱集是根据《中华人民共和国药典》(2010版)所选定的药材为基础,对其中所涉及药材的分析项目进行规范提取、分离、分析,并将结果汇编成图谱集。系统地记录药材配制中的每个细节和注意事项等。 | |
| 606 | 0 | @a中药化学成分 |
| 606 | 0 | @a药物分析 |
| 606 | 0 | @a中药化学成分@x药物分析@j图谱 |
| 690 | @aR284.1-64@v5 | |
| 701 | 0 | @a钱勇@AQian Yong@4主编 |
| 701 | 0 | @a安蓉@AAn Rong@4主编 |
| 701 | 0 | @a马双成@AMa Shuang Cheng@4主编 |
| 801 | @aCN@bTANGWEI@c20130111 | |
| 905 | @b0831295-97@dR284.1-64@e304:1@f3 | |
| 2010年版《中国药典》中药标准物质分析图谱.上卷/马双成,钱勇,安蓉主编.-北京:人民卫生出版社,2012 |
| 530页;26cm |
| ISBN 978-7-117-15751-3(精装):CNY89.00 |
| 本图谱集是根据《中华人民共和国药典》(2010版)所选定的药材为基础,对其中所涉及药材的分析项目进行规范提取、分离、分析,并将结果汇编成图谱集。系统地记录药材配制中的每个细节和注意事项等。 |
| ● |
| 相关链接 |
|
|
|
|
正题名:2010年版《中国药典》中药标准物质分析图谱
索取号:R284.1-64/304:1
 
预约/预借
| 序号 | 登录号 | 条形码 | 馆藏地/架位号 | 状态 | 备注 |
| 1 | 0831295 | 208312958 | 第二样本阅览室/ [索取号:R284.1-64/304:1] | 在馆 | |
| 2 | 0831296 | 208312967 | 第三借阅区/ [索取号:R284.1-64/304:1] | 在馆 | |
| 3 | 0831297 | 208312976 | 第三借阅区/ [索取号:R284.1-64/304:1] | 在馆 |